Rehabilitace a důchody. 2.
Ustanovenie zákona č.87/1991 Zb. o mimosúdnych rehabilitáciách, ktoré sa dotýkajú dôchodkových nárokov. Neplatnosť právnych úkonov, ku ktorým došlo pri ukončení pracovného alebo služobného pomeru z dôvodov politickej perzekúcie. Spôsob zvýšenia zárobku pre účely vymerania dôchodku.
Salvato in:
| Autore principale: | |
|---|---|
| Natura: | Capitolo di libro |
| Lingua: | ceco |
| Soggetti: | |
| Tags: |
Nessun Tag, puoi essere il primo ad aggiungerne!!
|
MARC
| LEADER | 00000naa a2200000 4500 | ||
|---|---|---|---|
| 001 | r004892 | ||
| 005 | 20221125081035.6 | ||
| 041 | 0 | |a cze | |
| 044 | |a [CS] | ||
| 245 | 1 | 0 | |a Rehabilitace a důchody. 2. |c V. Voříšek |
| 520 | |a Ustanovenie zákona č.87/1991 Zb. o mimosúdnych rehabilitáciách, ktoré sa dotýkajú dôchodkových nárokov. Neplatnosť právnych úkonov, ku ktorým došlo pri ukončení pracovného alebo služobného pomeru z dôvodov politickej perzekúcie. Spôsob zvýšenia zárobku pre účely vymerania dôchodku. | ||
| 610 | 2 | 0 | |a dôchodky starobné |
| 610 | 2 | 0 | |a odškodnenie |
| 610 | 2 | 0 | |a náhrada škody |
| 610 | 2 | 0 | |a zákony |
| 610 | 2 | 0 | |a ČSFR |
| 610 | 2 | 0 | |a 1991 |
| 610 | 2 | 0 | |a rehabilitácia |
| 610 | 2 | 0 | |a politika vnútorná |
| 100 | 1 | |a Voříšek, V. | |